Movies of 1979 Quiz Stats

 Plays Quiz Updated Apr 30, 2018

Also try: Movies of 1980
Challenge
Share
Tweet
Score 0/16 Timer 06:00
1 Play Today
Picture Movie % Correct
12The Muppet Movie
94.4%
10Star Trek: The Motion Picture
93.3%
1Alien
93.2%
4Rocky II
88.6%
7Kramer vs. Kramer
75.9%
3Mad Max
71.5%
2Apocalypse Now
66.8%
11Moonraker
58.5%
Picture Movie % Correct
9The Jerk
55.6%
5The Warriors
46.8%
6Monty Python's Life of Brian
46.4%
8Escape from Alcatraz
43.1%
15The China Syndrome
33.3%
16Breaking Away
21.7%
14The Black Stallion
21.2%
13All That Jazz
20.1%

You're not logged in!

Compare scores with friends on all Sporcle quizzes.
Join for Free
OR
Log In

You Might Also Like...

Show Comments

Extras

Top Quizzes Today


Score Distribution

Your Account Isn't Verified!

In order to create a playlist on Sporcle, you need to verify the email address you used during registration. Go to your Sporcle Settings to finish the process.

Report this User

Report this user for behavior that violates our Community Guidelines.

Details: